000 00418nam a2200145 i 4500
001 bg
100 1 _aGóral, Jerzy
_d(1944- ).
245 0 _aPrzepisy o informacji naukowo-technicznej i informatyce /
_cJerzy Góral, Krystyna Popławska-Hajduk.
260 _aWarszawa,
_c1981.
700 1 _aHajduk-Popławska, Krystyna.
040 _cBPK
041 _apol
942 _cKS
008 s pl f |000 0 pol
999 _c20507
_d20507
856 _uhttp://koha.tu.koszalin.pl/cgi-bin/koha/opac-detail.pl?biblionumber=20507
_yKatalog online BPK